| 000 | 00939cam a22002531i 4500 | ||
|---|---|---|---|
| 001 | ca 34002301 | ||
| 003 | DLC | ||
| 005 | 20260227111136.0 | ||
| 007 | cr_||||||||||| | ||
| 008 | 891020s1882 mauc 000 0 eng | ||
| 010 | _aca 34002301 | ||
| 035 | _a(OCoLC)20515769 | ||
| 040 |
_aDLC _cOYU _dDLC |
||
| 050 | 0 | 0 |
_aPS586 _b.H33 |
| 100 | 1 |
_aHayward, Almira L. _q(Almira Leach), _d-1894. |
|
| 245 | 1 | 4 |
_aThe Illustrated birthday book of American poets / _cedited by Almira L. Hayward. |
| 260 |
_aBoston : _bJ.R. Osgood, _c1882. |
||
| 300 |
_a307 p. : _bports. ; _c14 cm. |
||
| 500 | _aAlternate pages blank for recording birthdays. Blank pages for "Index of birthdays" (285-307) | ||
| 500 | _aPublished in 1880 under title: The birthday book of American poets. | ||
| 530 | _aAlso available in digital form on the Internet Archive Web site. | ||
| 650 | 0 | _aBirthday books. | |
| 856 | 4 | 1 | _uhttp://hdl.loc.gov/loc.gdc/scd0001.00174005205 |
| 999 |
_c17725 _d17725 |
||